003900000a22001090004500090001700000245008900017041001400106100002400120942001300144773010600157999001700263 aASbSeriadas10aSolanum ser. simplicissima, nueva serie tuberifera de la Sect. petota ()0 aEspañol1 aOchoa, C. M.999161 cARTICULO1 tRevista de la Academia Colombiana de Ciencias Exactas, Fisicas y Naturales332h65q321-323d1989g17 c14240d14240